[Event "Chess Festival Groningen 2019 A"]
[Site "Groningen , Netherlands"]
[Date "2019.12.27"]
[Round "6"]
[White "De Jong, Migchiel"]
[Black "Van Baar, Esper"]
[Result "1-0"]
[WhiteElo "2326"]
[BlackElo "2181"]
[PlyCount "47"]
[EventDate "2019.12.??"]

1. Nf3 c5 2. b3 Nf6 3. Bb2 e6 4. e3 Be7 5. d4 b6 6. Bd3 Bb7 7. O-O O-O 8. c4
cxd4 9. exd4 d5 10. Nbd2 Nc6 11. Re1 Rc8 12. Qe2 Nh5 13. g3 Nf6 14. Rac1 Bb4
15. Red1 Re8 16. Nf1 Bf8 17. Ne3 g6 18. Ne5 dxc4 19. Bxc4 Qd6 20. Ba6 Bxa6 21.
Qxa6 Rc7 22. Nxc6 Rxc6 23. Qxa7 Bh6 24. Ba3 1-0

[Event "Chess Festival Groningen 2019 A"]
[Site "Groningen , Netherlands"]
[Date "2019.12.27"]
[Round "6"]
[White "Elgersma, Onno"]
[Black "Van Hoorn, Geert"]
[Result "1/2-1/2"]
[WhiteElo "2319"]
[BlackElo "2032"]
[PlyCount "166"]
[EventDate "2019.12.??"]

1. d4 Nf6 2. Nf3 g6 3. e3 Bg7 4. Be2 O-O 5. O-O d6 6. c4 c5 7. d5 e6 8. Nc3
exd5 9. cxd5 Re8 10. Nd2 Na6 11. e4 Nc7 12. a4 a6 13. a5 Nb5 14. Nxb5 axb5 15.
Bxb5 Bd7 16. Bxd7 Qxd7 17. Nc4 Ra6 18. Qd3 Nxe4 19. Nb6 Qf5 20. Qb5 Re7 21. Be3
Nf6 22. Rad1 Ng4 23. h3 Nxe3 24. fxe3 Qe4 25. Kh1 Qb4 26. Qxb4 cxb4 27. Nc4 b3
28. Rf4 Bh6 29. Rf6 Rd7 30. Nb6 Rd8 31. Rdf1 Rxa5 32. Rxf7 Rb5 33. Nc4 Rc5 34.
Nd2 Rxd5 35. Nxb3 Rb5 36. Nd4 Rxb2 37. Re7 Rf8 38. Rc1 Rbf2 39. Rcc7 R2f7 40.
Rxb7 Bxe3 41. Ne6 Rxe7 42. Rxe7 Rc8 43. g3 d5 44. Kg2 d4 45. Kf3 Rc6 46. Ke4
Rd6 47. Ke5 Ra6 48. g4 d3 49. Rg7+ Kh8 50. Rd7 Ra8 51. Rxd3 Bf2 52. Kf6 Bh4+
53. g5 h6 54. Kxg6 hxg5 55. Rd7 Kg8 56. Nc7 Rc8 57. Nd5 Rc6+ 58. Nf6+ Rxf6+ 59.
Kxf6 g4+ 60. Kg6 gxh3 61. Rh7 Bd8 62. Rd7 Bh4 63. Rh7 Bd8 64. Rxh3 Kf8 65. Re3
Be7 66. Kf5 Kf7 67. Rb3 Bc5 68. Ke5 Bg1 69. Rb7+ Kg6 70. Ke6 Bc5 71. Rb5 Ba7
72. Rf5 Bb6 73. Rf8 Kg5 74. Rb8 Be3 75. Rb5+ Kf4 76. Rb4+ Kg5 77. Ke5 Bc5 78.
Rb8 Kg6 79. Ke6 Kg7 80. Rb5 Be3 81. Rb3 Bc5 82. Rg3+ Kf8 83. Rg2 Ba3 1/2-1/2

[Event "Chess Festival Groningen 2019 A"]
[Site "Groningen , Netherlands"]
[Date "2019.12.27"]
[Round "6"]
[White "Gijsen, William"]
[Black "Pienabarca, Nicola"]
[Result "1-0"]
[WhiteElo "1948"]
[BlackElo "2077"]
[PlyCount "99"]
[EventDate "2019.12.??"]

1. d4 Nf6 2. Bf4 e6 3. e3 c5 4. c3 Be7 5. Nd2 O-O 6. Bd3 b6 7. Ngf3 Bb7 8. O-O
d5 9. Ne5 Nbd7 10. Ndf3 h6 11. Bg3 Ne4 12. Nxd7 Qxd7 13. Ne5 Qd8 14. f3 Nxg3
15. hxg3 Qc8 16. f4 Ba6 17. Kf2 Bxd3 18. Qxd3 Bd6 19. Nf3 Qe8 20. Rh1 f5 21. b3
Rc8 22. Rac1 c4 23. Qb1 cxb3 24. axb3 b5 25. Qd3 Rf7 26. c4 bxc4 27. bxc4 dxc4
28. Rxc4 Rxc4 29. Qxc4 Rc7 30. Qb3 Qc8 31. Rb1 Rc3 32. Qb5 Rc2+ 33. Kg1 Qc6 34.
Qxc6 Rxc6 35. Ra1 Rc7 36. Ra6 Rd7 37. Kf2 Kf7 38. Ke2 Ke7 39. Ne5 Bxe5 40. fxe5
Rb7 41. Kf3 g5 42. g4 fxg4+ 43. Kxg4 Kf7 44. Kh5 Rb2 45. Rxa7+ Ke8 46. g4 Rh2+
47. Kg6 Rh4 48. Kf6 Rxg4 49. Kxe6 Kd8 50. d5 1-0

[Event "Chess Festival Groningen 2019 A"]
[Site "Groningen , Netherlands"]
[Date "2019.12.27"]
[Round "6"]
[White "Grutter, Tim"]
[Black "Sodoma, Jan"]
[Result "1-0"]
[WhiteElo "2214"]
[BlackElo "2312"]
[PlyCount "89"]
[EventDate "2019.12.??"]

1. e4 e5 2. Nf3 Nc6 3. Bc4 Nf6 4. d3 Bc5 5. O-O a6 6. c3 Ba7 7. Bb3 O-O 8. h3
h6 9. Re1 d6 10. Nbd2 Nh5 11. Nf1 Qf6 12. Be3 Nf4 13. d4 Re8 14. Ng3 g6 15. Bc2
h5 16. Bxf4 Qxf4 17. Qd3 Bd7 18. Rad1 Rad8 19. Qd2 Qxd2 20. Rxd2 b5 21. Nf1 Kg7
22. Ne3 Bc8 23. Nd5 Rd7 24. a4 Na5 25. axb5 Nc4 26. Rde2 axb5 27. b3 Nb6 28.
Nb4 Bb7 29. d5 f5 30. Ng5 fxe4 31. Bxe4 Rde7 32. Ra2 Nc8 33. Bd3 Bc5 34. Bxb5
Bxb4 35. Bxe8 Rxe8 36. cxb4 Bxd5 37. f4 Nb6 38. fxe5 dxe5 39. Ra7 Re7 40. Rc1
Kf6 41. h4 Bxb3 42. Raxc7 Rxc7 43. Rxc7 Kf5 44. Rc6 Nd5 45. b5 1-0

[Event "Chess Festival Groningen 2019 A"]
[Site "Groningen , Netherlands"]
[Date "2019.12.27"]
[Round "6"]
[White "Haan, Gertjan"]
[Black "Van Roon, Sjoerd"]
[Result "1-0"]
[WhiteElo "1936"]
[BlackElo "2080"]
[PlyCount "77"]
[EventDate "2019.12.??"]

1. d4 Nf6 2. c4 g6 3. Nc3 Bg7 4. e4 O-O 5. Be2 d6 6. Be3 e5 7. d5 Nbd7 8. g4
Ne8 9. h4 c6 10. h5 Nb6 11. Qd2 cxd5 12. cxd5 f5 13. hxg6 hxg6 14. gxf5 gxf5
15. Bh6 f4 16. Bxg7 Nxg7 17. Nf3 Bg4 18. O-O-O Nc4 19. Qd3 Rc8 20. Rdg1 Qb6 21.
b3 Ne3 22. fxe3 Rxc3+ 23. Qxc3 Rc8 24. Bc4 Bxf3 25. exf4 Bxh1 26. Rxh1 Qd8 27.
Qh3 b5 28. Qh8+ Kf7 29. Qxd8 Rxd8 30. Bxb5 exf4 31. Rh4 Kf6 32. Rxf4+ Kg6 33.
Be2 Ne8 34. Bd3 Kg5 35. Rf8 Rb8 36. a4 Rxb3 37. Kc2 Rb8 38. Bb5 a6 39. Rxe8 1-0

[Event "Chess Festival Groningen 2019 A"]
[Site "Groningen , Netherlands"]
[Date "2019.12.27"]
[Round "6"]
[White "Kokje, Joris"]
[Black "Krasenkova, Ilena"]
[Result "1-0"]
[WhiteElo "2222"]
[BlackElo "2174"]
[PlyCount "85"]
[EventDate "2019.12.??"]

1. d4 g6 2. c4 Bg7 3. Nc3 c5 4. d5 Bxc3+ 5. bxc3 f5 6. h4 Nf6 7. h5 Nxh5 8.
Rxh5 gxh5 9. e4 Qa5 10. Qxh5+ Kd8 11. Ne2 fxe4 12. Qe5 Re8 13. Bg5 Qb6 14. d6
Nc6 15. Qxe4 h6 16. Bh4 Qa5 17. f4 b6 18. f5 Bb7 19. f6 Kc8 20. f7 Rh8 21. dxe7
Nxe7 22. Qxe7 Bc6 23. f8=Q+ Rxf8 24. Qxf8+ Kb7 25. Qf7 Qa3 26. Rd1 Qxa2 27.
Rxd7+ Ka6 28. Rc7 Qc2 29. Kf2 Qe4 30. Bg3 h5 31. Qf3 Qxf3+ 32. gxf3 Ba4 33. Bh3
Bb3 34. Be6 Ka5 35. Bd5 h4 36. Bxh4 a6 37. Bxa8 Bxc4 38. Bd8 Ka4 39. Rc6 Bd5
40. Rxb6 Bc4 41. Bc6+ Ka3 42. Nc1 a5 43. Be7 1-0

[Event "Chess Festival Groningen 2019 A"]
[Site "Groningen , Netherlands"]
[Date "2019.12.27"]
[Round "6"]
[White "Kumar, Naman"]
[Black "Woong, Zhi Wei William"]
[Result "0-1"]
[WhiteElo "2082"]
[BlackElo "2222"]
[PlyCount "92"]
[EventDate "2019.12.??"]

1. e4 c5 2. Nf3 Nc6 3. d4 cxd4 4. Nxd4 Nf6 5. Nc3 e5 6. Ndb5 a6 7. Nd6+ Bxd6 8.
Qxd6 Qe7 9. Qxe7+ Nxe7 10. Bg5 b5 11. Bxf6 gxf6 12. O-O-O Bb7 13. f3 Rg8 14. g3
O-O-O 15. Bh3 Kc7 16. a3 h5 17. Rhf1 h4 18. Rg1 Rh8 19. Bg4 d5 20. exd5 f5 21.
Bh3 hxg3 22. Rxg3 Rh7 23. Bf1 Nxd5 24. Nxd5+ Bxd5 25. Rg5 Be6 26. Bd3 f6 27.
Rg6 Rf8 28. Rh1 Rh3 29. Rg3 Rfh8 30. Rg7+ Kb6 31. Rg6 R8h6 32. Rxh6 Rxh6 33. h4
Kc5 34. Kd2 Kd5 35. b3 e4 36. Be2 Kd4 37. c3+ Ke5 38. b4 Bd5 39. Rh3 exf3 40.
Bxf3 Bxf3 41. Rxf3 Rxh4 42. Rg3 Re4 43. Rg6 f4 44. Kd3 f3 45. Rg1 Kf4 46. Rh1
Re6 0-1

[Event "Chess Festival Groningen 2019 A"]
[Site "Groningen , Netherlands"]
[Date "2019.12.27"]
[Round "6"]
[White "Kumar, Nikhil"]
[Black "Varshini, V."]
[Result "1-0"]
[WhiteElo "2315"]
[BlackElo "2227"]
[PlyCount "77"]
[EventDate "2019.12.??"]

1. d4 d5 2. c4 e6 3. Nf3 Nf6 4. g3 Be7 5. Bg2 O-O 6. O-O dxc4 7. Qc2 a6 8. Qxc4
b5 9. Qc2 Bb7 10. Bd2 Be4 11. Qc1 Bb7 12. Qc2 Be4 13. Qc1 Bb7 14. Bf4 Nd5 15.
Nc3 Nxf4 16. Qxf4 Bd6 17. Qd2 Qe7 18. Qd3 Ra7 19. a4 b4 20. Ne4 Bxe4 21. Qxe4
c5 22. Rfd1 Nd7 23. Rac1 Rc7 24. Qd3 a5 25. dxc5 Bxc5 26. Qb5 Rfc8 27. e3 Nf6
28. Ne5 Ba7 29. Rxc7 Qxc7 30. Nc6 Bb6 31. Rc1 Rd8 32. Qf1 Rd2 33. Nxb4 Qd7 34.
Qa6 Bd8 35. Nc6 Rxb2 36. Qa8 Rd2 37. Nxd8 Rd1+ 38. Rxd1 Qxd1+ 39. Bf1 1-0

[Event "Chess Festival Groningen 2019 A"]
[Site "Groningen , Netherlands"]
[Date "2019.12.27"]
[Round "6"]
[White "Lubbe, Melanie"]
[Black "Boersma, Jan"]
[Result "1-0"]
[WhiteElo "2279"]
[BlackElo "2069"]
[PlyCount "169"]
[EventDate "2019.12.??"]

1. e4 c5 2. Nf3 g6 3. d4 cxd4 4. Nxd4 Nc6 5. Be2 Bg7 6. Nb3 Nf6 7. Nc3 O-O 8.
O-O d6 9. Re1 Be6 10. Bf1 Rc8 11. Nd5 Bxd5 12. exd5 Nb4 13. c4 b5 14. a3 bxc4
15. axb4 cxb3 16. Qxb3 Rc7 17. h3 Qa8 18. Ra5 Qb8 19. Be3 Nd7 20. Rea1 Nb6 21.
Bb5 Be5 22. Ra6 Nc8 23. Bc6 Kg7 24. b5 h5 25. f4 Bf6 26. R1a3 h4 27. Kh2 Rb7
28. Bxb7 Qxb7 29. Qc4 Qd7 30. Bxa7 Nxa7 31. Rxa7 Qf5 32. b6 g5 33. b7 Rb8 34.
Rb3 gxf4 35. Ra8 f3 36. Rxf3 Qe5+ 37. Kh1 Rxb7 38. Qg4+ Kh6 39. Rf1 Rxb2 40.
Qf3 Re2 41. Ra3 Re1 42. Rd3 Rxf1+ 43. Qxf1 Qe4 44. Rd1 Kg7 45. Qd3 Qf4 46. Rf1
Qg5 47. Qe4 Be5 48. Qf3 Bf6 49. Rd1 Be5 50. Kg1 Bf6 51. Kf1 Qe5 52. Qg4+ Kh6
53. Rd3 Qa1+ 54. Qd1 Qe5 55. Qe2 Qa1+ 56. Rd1 Qa3 57. Qd2+ Bg5 58. Qd3 Qb2 59.
Kg1 Qe5 60. Kf1 Be3 61. Qe2 Qf4+ 62. Qf3 Qxf3+ 63. gxf3 Bg5 64. Ke2 Kg6 65. Rg1
Kf5 66. Kd3 Bf6 67. Rg4 Bg5 68. Kc4 Bf6 69. Kb5 Ke5 70. Kc6 Kf5 71. Re4 Bg5 72.
Kd7 Bf6 73. Ke8 e6 74. dxe6 fxe6 75. Kd7 d5 76. Rxe6 d4 77. Rd6 Be5 78. Rd5 Kf4
79. Ke6 Bg7 80. Rd7 Bh8 81. Rh7 Kxf3 82. Rxh8 Kg3 83. Kf5 Kxh3 84. Kf4 d3 85.
Kf3 1-0

[Event "Chess Festival Groningen 2019 A"]
[Site "Groningen , Netherlands"]
[Date "2019.12.27"]
[Round "6"]
[White "Shakhverdian, William"]
[Black "Harshini A"]
[Result "1/2-1/2"]
[WhiteElo "2039"]
[BlackElo "2076"]
[PlyCount "133"]
[EventDate "2019.12.??"]

1. d4 Nf6 2. c4 g6 3. f3 d5 4. cxd5 Nxd5 5. e4 Nb6 6. Nc3 Bg7 7. Be3 c6 8. Qd2
Be6 9. O-O-O Bc4 10. Bh6 Bxh6 11. Qxh6 Bxf1 12. Qg7 Rf8 13. Rxf1 Nc4 14. Rf2 e5
15. Nge2 Qe7 16. f4 Nd7 17. fxe5 Qb4 18. b3 Qa3+ 19. Kd1 Ne3+ 20. Kd2 Ng4 21.
e6 Qb2+ 22. Ke1 Nde5 23. Rf3 Qa1+ 24. Nd1 Nxf3+ 25. gxf3 Ne3 26. exf7+ Rxf7 27.
Qe5+ Kd7 28. Kd2 Nxd1 29. Rxd1 Qxa2+ 30. Ke1 Re8 31. Qg3 Qa5+ 32. Rd2 Kc8 33.
Kd1 Qh5 34. Nf4 Qh6 35. Nd5 Qh5 36. Nf4 Qa5 37. d5 Qa1+ 38. Ke2 Qe5 39. Qh3+
Kb8 40. Nd3 Qd6 41. dxc6 Qxc6 42. Ne5 Qb5+ 43. Nc4 Ref8 44. Qg3+ Ka8 45. Qd6 a6
46. Rd3 Qg5 47. Nb6+ Ka7 48. Qd4 Qf6 49. Qxf6 Rxf6 50. Nd7 Rf4 51. Nxf8 Rxf8
52. Ke3 Kb6 53. e5 Kc5 54. Ke4 Re8 55. h4 b5 56. f4 a5 57. h5 a4 58. bxa4 bxa4
59. hxg6 hxg6 60. Rd6 Ra8 61. Rxg6 a3 62. Rg1 a2 63. Ra1 Ra4+ 64. Kf5 Kd5 65.
e6 Kd6 66. e7 Kxe7 67. Ke5 1/2-1/2

[Event "Chess Festival Groningen 2019 A"]
[Site "Groningen , Netherlands"]
[Date "2019.12.27"]
[Round "6"]
[White "Simet, Martin"]
[Black "Ypma, Jord"]
[Result "1-0"]
[WhiteElo "2257"]
[BlackElo "2070"]
[PlyCount "119"]
[EventDate "2019.12.??"]

1. e4 c5 2. Nf3 d6 3. d4 cxd4 4. Nxd4 Nf6 5. f3 e5 6. Nb3 Be6 7. Be3 Be7 8. c4
a5 9. Nc3 O-O 10. Rc1 a4 11. Na1 Nh5 12. Nxa4 Bg5 13. Bb6 Qd7 14. b3 Bxc1 15.
Qxc1 Qe7 16. Nc2 Nd7 17. Bf2 f5 18. exf5 Bxf5 19. g4 Bxc2 20. gxh5 Bf5 21. Rg1
Rae8 22. Nc3 Be6 23. Be2 Nc5 24. b4 Na6 25. Qb1 Bf5 26. Qb3 Qf7 27. h6 g6 28.
Bh4 Nc7 29. Qd1 Qe6 30. Bg5 Rf7 31. h4 d5 32. Nxd5 Nxd5 33. Qxd5 Qb6 34. c5
Qxb4+ 35. Kf2 Be4 36. Qc4 Qxc4 37. Bxc4 Bc6 38. h5 Kf8 39. Bxf7 Kxf7 40. hxg6+
hxg6 41. Rd1 Ra8 42. Rd8 Rxd8 43. Bxd8 e4 44. fxe4 Bxe4 45. Bg5 Bd5 46. a4 Kf8
47. Ke3 Bg8 48. Ke4 Bc4 49. Ke5 Kg8 50. Kd6 Kh7 51. Kc7 Bd5 52. Kb6 Be4 53. a5
Bd5 54. a6 bxa6 55. Kxa6 Be6 56. c6 Bf5 57. c7 Bd7 58. Kb7 Bg4 59. c8=Q Bf3+
60. Kb8 1-0

[Event "Chess Festival Groningen 2019 A"]
[Site "Groningen , Netherlands"]
[Date "2019.12.27"]
[Round "6"]
[White "Sparenberg, Erik"]
[Black "Berndt, Matthias"]
[Result "0-1"]
[WhiteElo "2134"]
[BlackElo "2065"]
[PlyCount "86"]
[EventDate "2019.12.??"]

1. d4 d5 2. c4 dxc4 3. Nf3 Nf6 4. e3 e6 5. Bxc4 c5 6. O-O Nc6 7. Qe2 a6 8. a4
Qc7 9. Nc3 Be7 10. dxc5 Bxc5 11. Bd2 O-O 12. Rfc1 Qe7 13. e4 Ng4 14. Be1 Nge5
15. Nxe5 Nxe5 16. Ba2 Rd8 17. Rd1 Bd7 18. Kh1 Bc6 19. f3 h6 20. Bg3 Ng6 21. Bc4
Rxd1+ 22. Rxd1 Rd8 23. b3 Qg5 24. Rxd8+ Qxd8 25. Qd3 Qg5 26. Qf1 Qd2 27. Nd1 h5
28. Qe1 Qc1 29. Nc3 Qc2 30. Nd1 h4 31. Bf2 Nf4 32. Ne3 Qb2 33. Nd1 Bxf2 34.
Qxf2 Qc1 35. Qd4 Kh7 36. g3 b5 37. axb5 axb5 38. gxf4 bxc4 39. bxc4 Ba4 40. Kg2
Bxd1 41. Qd8 f6 42. Qd3 Qb2+ 43. Kh3 Be2 0-1

[Event "Chess Festival Groningen 2019 A"]
[Site "Groningen , Netherlands"]
[Date "2019.12.27"]
[Round "6"]
[White "Tabak, Stefan"]
[Black "Van Randtwijk, Mick"]
[Result "0-1"]
[WhiteElo "2166"]
[BlackElo "2047"]
[PlyCount "140"]
[EventDate "2019.12.??"]

1. e4 c5 2. Nc3 d6 3. g3 Nc6 4. Bg2 g6 5. d3 Bg7 6. f4 e6 7. Nf3 Nge7 8. O-O
O-O 9. Be3 Nd4 10. Bf2 e5 11. Nxd4 cxd4 12. Ne2 Be6 13. Qd2 Qd7 14. c3 dxc3 15.
Nxc3 exf4 16. Qxf4 f5 17. Rfe1 Be5 18. Qd2 f4 19. d4 fxg3 20. hxg3 Bg7 21. Rac1
Bh3 22. Qe2 Nc6 23. Nd5 Kh8 24. Nf4 Bxg2 25. Kxg2 g5 26. Nh5 Nxd4 27. Qd3 Rxf2+
28. Kxf2 Qf7+ 29. Kg2 Qxh5 30. Rc7 g4 31. Rh1 Qg6 32. Rhc1 Rf8 33. Rc8 Qf7 34.
Rxf8+ Qxf8 35. Rc7 Ne6 36. Rc2 Qf3+ 37. Qxf3 gxf3+ 38. Kf2 Nc5 39. Kxf3 a5 40.
b3 Be5 41. g4 b5 42. Rc1 Kg7 43. Rd1 Kf6 44. Rh1 Kg6 45. Rd1 h6 46. Rd2 Kg5 47.
Rd1 Ne6 48. Rh1 Nd4+ 49. Ke3 b4 50. Kd3 Nb5 51. Rh5+ Kg6 52. Rf5 Nc3 53. Kc4
Nxa2 54. Kb5 Nc1 55. Kxa5 Nxb3+ 56. Kxb4 Nd2 57. Kb5 Nxe4 58. Kc6 Nf6 59. Rf1
Nxg4 60. Rg1 Kg5 61. Kd5 Kf5 62. Kc4 h5 63. Kd3 h4 64. Ke2 h3 65. Kf3 h2 66.
Rd1 d5 67. Rb1 Bd4 68. Kg2 Bg1 69. Rb5 Ke4 70. Rb4+ d4 0-1

[Event "Chess Festival Groningen 2019 A"]
[Site "Groningen , Netherlands"]
[Date "2019.12.27"]
[Round "6"]
[White "Theulings, Paul-Peter"]
[Black "Bruil, Rembrandt"]
[Result "1/2-1/2"]
[WhiteElo "2070"]
[BlackElo "2206"]
[PlyCount "80"]
[EventDate "2019.12.??"]

1. Nf3 d5 2. d4 Nf6 3. c4 e6 4. Nc3 a6 5. c5 b6 6. cxb6 cxb6 7. Bf4 Bd6 8. Bxd6
Qxd6 9. e3 Bb7 10. Ne5 O-O 11. Be2 Nbd7 12. Nxd7 Nxd7 13. O-O b5 14. Bf3 Nb6
15. Rc1 Rac8 16. Ne2 Qb4 17. Qb3 Qa5 18. a3 Na4 19. Nc3 Nxc3 20. Rxc3 Rxc3 21.
bxc3 Rc8 22. Qb4 Qc7 23. Rc1 Bc6 24. Qc5 Qb7 25. Qb4 Qd7 26. Be2 Qc7 27. Qc5 g6
28. g3 Qd8 29. Qb4 Be8 30. h4 Qc7 31. Qb3 Kg7 32. Bd3 Bc6 33. Qb4 f6 34. Qc5
Be8 35. Qb4 h6 36. Kg2 f5 37. f4 Kf7 38. Kf2 Bd7 39. Ke2 Rh8 40. Rh1 h5 1/2-1/2

[Event "Chess Festival Groningen 2019 A"]
[Site "Groningen , Netherlands"]
[Date "2019.12.27"]
[Round "6"]
[White "Van Foreest, Machteld"]
[Black "Hilwerda, Jonas"]
[Result "0-1"]
[WhiteElo "2187"]
[BlackElo "2228"]
[PlyCount "126"]
[EventDate "2019.12.??"]

1. e4 c5 2. Nf3 e6 3. d4 cxd4 4. Nxd4 Nf6 5. Nc3 Nc6 6. Nxc6 bxc6 7. e5 Nd5 8.
Ne4 Qc7 9. f4 Qb6 10. c4 Bb4+ 11. Bd2 Qe3+ 12. Qe2 Bxd2+ 13. Nxd2 Qxe2+ 14.
Bxe2 Nxf4 15. g3 Ng6 16. Nf3 c5 17. Bd3 Bb7 18. Bxg6 hxg6 19. O-O Bxf3 20. Rxf3
Ke7 21. Rd1 Rab8 22. Rfd3 Rb7 23. g4 Rd8 24. b3 Rb6 25. g5 Rb7 26. Kg2 f6 27.
gxf6+ gxf6 28. exf6+ Kxf6 29. Rf1+ Kg7 30. Rfd1 a5 31. Rd6 a4 32. Rxe6 axb3 33.
axb3 Rxb3 34. Re7+ Kf6 35. Rexd7 Rxd7 36. Rxd7 Rc3 37. Rd6+ Kg7 38. Rd5 Rxc4
39. h4 Kh6 40. Kg3 Rc1 41. h5 g5 42. Kg4 Rc4+ 43. Kg3 Rc3+ 44. Kg4 Rc4+ 45. Kg3
Kxh5 46. Rd3 Rc2 47. Re3 Rc1 48. Rd3 c4 49. Re3 Rd1 50. Re4 Rd3+ 51. Kg2 Rd2+
52. Kg3 Rd3+ 53. Kg2 c3 54. Rc4 g4 55. Rc8 Kg5 56. Rf8 Rf3 57. Rc8 Kf5 58. Rc4
Rd3 59. Kf2 g3+ 60. Ke2 Rd2+ 61. Ke1 Rh2 62. Rc5+ Ke4 63. Rxc3 Rh1+ 0-1

[Event "Chess Festival Groningen 2019 A"]
[Site "Groningen , Netherlands"]
[Date "2019.12.27"]
[Round "6"]
[White "Zwirs, Jasper"]
[Black "Wedda, Dries"]
[Result "1/2-1/2"]
[WhiteElo "2062"]
[BlackElo "2209"]
[PlyCount "43"]
[EventDate "2019.12.??"]

1. e4 c5 2. Nf3 d6 3. d4 cxd4 4. Nxd4 Nf6 5. Nc3 a6 6. Bg5 Nbd7 7. Bc4 Qb6 8.
Bb3 e6 9. Be3 Nc5 10. O-O Qc7 11. f3 Be7 12. a4 O-O 13. Ba2 Re8 14. b4 Ncd7 15.
Nce2 Ne5 16. Bf2 d5 17. exd5 Nxd5 18. b5 Bc5 19. Kh1 Rd8 20. Qe1 Qe7 21. Bb3
Bd6 22. Rd1 1/2-1/2

[Event "Chess Festival Groningen 2019 A"]
[Site "Groningen , Netherlands"]
[Date "2019.12.28"]
[Round "7"]
[White "Berndt, Matthias"]
[Black "Simet, Martin"]
[Result "1-0"]
[WhiteElo "2065"]
[BlackElo "2257"]
[PlyCount "79"]
[EventDate "2019.12.??"]

1. e4 c5 2. Nc3 a6 3. g3 b5 4. Bg2 Bb7 5. d3 e6 6. f4 Nc6 7. Nf3 d5 8. O-O Be7
9. f5 dxe4 10. dxe4 Qxd1 11. Rxd1 Nd4 12. fxe6 fxe6 13. Bf4 Bf6 14. Ne1 g5 15.
Be3 g4 16. e5 Bxg2 17. Kxg2 Bxe5 18. Ne4 Ne7 19. Nxc5 Ndf5 20. Bf2 Nd5 21. Rd3
Ke7 22. c3 h5 23. Nc2 h4 24. Re1 hxg3 25. hxg3 Nh4+ 26. gxh4 Nf4+ 27. Kg1 Nxd3
28. Nxd3 Bc7 29. Nd4 g3 30. Be3 Kf7 31. Bg5 Bb6 32. Kg2 Rae8 33. Kxg3 Bc7+ 34.
Kf3 e5 35. Nc6 Kg6 36. Ndxe5+ Kf5 37. Nd3 Rxe1 38. Nxe1 Rf8 39. Nd3 a5 40. Nd4+
1-0

[Event "Chess Festival Groningen 2019 A"]
[Site "Groningen , Netherlands"]
[Date "2019.12.28"]
[Round "7"]
[White "Boersma, Jan"]
[Black "Tabak, Stefan"]
[Result "1/2-1/2"]
[WhiteElo "2069"]
[BlackElo "2166"]
[PlyCount "29"]
[EventDate "2019.12.??"]

1. e4 d6 2. Nc3 g6 3. d4 Nf6 4. Bf4 Bg7 5. Qd2 c6 6. Bh6 Bxh6 7. Qxh6 Nbd7 8.
Nf3 e5 9. Bc4 Qe7 10. O-O Qf8 11. Qd2 Qe7 12. a4 O-O 13. Rfe1 Kg7 14. Rad1 h6
15. Bb3 1/2-1/2

[Event "Chess Festival Groningen 2019 A"]
[Site "Groningen , Netherlands"]
[Date "2019.12.28"]
[Round "7"]
[White "Bruil, Rembrandt"]
[Black "Zwirs, Jasper"]
[Result "1/2-1/2"]
[WhiteElo "2206"]
[BlackElo "2062"]
[PlyCount "68"]
[EventDate "2019.12.??"]

1. d4 d5 2. c4 e6 3. Nf3 Nf6 4. e3 c6 5. Nbd2 Nbd7 6. Bd3 Bd6 7. O-O O-O 8. e4
dxe4 9. Nxe4 Nxe4 10. Bxe4 h6 11. Bc2 e5 12. Re1 exd4 13. Qxd4 Bc5 14. Qc3 Qb6
15. Be3 Bxe3 16. Rxe3 Nf6 17. Rae1 c5 18. Ne5 Qb4 19. Qd3 Be6 20. Qe2 Rad8 21.
Bd3 Rd4 22. Nf3 Rd6 23. h3 Rfd8 24. b3 Nh5 25. g3 Nf6 26. Kh2 Qb6 27. Ne5 Qc7
28. Bb1 Qc8 29. g4 Rd2 30. Qf3 Qc7 31. Kg1 R2d4 32. Qg3 Nd7 33. Nf3 Qxg3+ 34.
fxg3 Rd6 1/2-1/2

[Event "Chess Festival Groningen 2019 A"]
[Site "Groningen , Netherlands"]
[Date "2019.12.28"]
[Round "7"]
[White "Harshini A"]
[Black "Gijsen, William"]
[Result "1-0"]
[WhiteElo "2076"]
[BlackElo "1948"]
[PlyCount "87"]
[EventDate "2019.12.??"]

1. e4 c5 2. Nf3 d6 3. d4 cxd4 4. Nxd4 Nf6 5. Nc3 a6 6. g3 e5 7. Nde2 Be7 8. Bg2
b5 9. Nd5 Nxd5 10. Qxd5 Ra7 11. Be3 Be6 12. Qd2 Rd7 13. Nc3 Nc6 14. Nd5 Bxd5
15. exd5 Na5 16. b3 O-O 17. O-O f5 18. a4 Nb7 19. Rfd1 g5 20. axb5 axb5 21. Bf1
f4 22. Ba7 Bf6 23. Bxb5 e4 24. Bxd7 Qxd7 25. Bd4 Bxd4 26. Qxd4 Nc5 27. b4 f3
28. Kh1 Qh3 29. Rg1 Nd7 30. g4 Ne5 31. Rg3 Qh4 32. Ra7 Rf4 33. Qc3 e3 34. Qc8+
Rf8 35. Qe6+ Kh8 36. Qxd6 Ng6 37. Qc7 Qh6 38. Qc3+ Kg8 39. Qxe3 Nf4 40. Rxf3
Qg6 41. Rxf4 Rxf4 42. Qe6+ Qxe6 43. dxe6 Rxb4 44. Ra8+ 1-0

[Event "Chess Festival Groningen 2019 A"]
[Site "Groningen , Netherlands"]
[Date "2019.12.28"]
[Round "7"]
[White "Krasenkova, Ilena"]
[Black "Elgersma, Onno"]
[Result "1/2-1/2"]
[WhiteElo "2174"]
[BlackElo "2319"]
[PlyCount "131"]
[EventDate "2019.12.??"]

1. d4 d5 2. c4 e6 3. g3 Nf6 4. Bg2 Bb4+ 5. Bd2 Be7 6. Nf3 O-O 7. Qc2 c6 8. O-O
Nbd7 9. Rd1 a5 10. b3 b6 11. Nc3 Bb7 12. e4 dxe4 13. Ng5 c5 14. dxc5 Nxc5 15.
Be3 Qc7 16. Ncxe4 Ncxe4 17. Nxe4 Rfd8 18. Rab1 Rxd1+ 19. Rxd1 Bxe4 20. Bxe4 Rd8
21. Bf3 Bc5 22. Rxd8+ Qxd8 23. Qd2 Qxd2 24. Bxd2 Ne8 25. Kf1 f5 26. Bc6 Nf6 27.
f3 Kf7 28. Bc3 h6 29. Be5 g5 30. Bc7 g4 31. Kg2 h5 32. h3 Ke7 33. Bf4 Bd6 34.
Be3 Bc7 35. c5 gxf3+ 36. Kxf3 bxc5 37. Bxc5+ Bd6 38. Bb6 Bb4 39. a3 Bxa3 40.
Bxa5 e5 41. b4 Ke6 42. b5 e4+ 43. Ke2 Bd6 44. Be1 Bb8 45. b6 h4 46. gxh4 f4 47.
Bd2 Kf5 48. Bb7 f3+ 49. Kf2 Nh5 50. Bc8+ Kf6 51. Bg4 Ng3 52. Bg5+ Kg6 53. Be3
Nh1+ 54. Kg1 Ng3 55. Kf2 Nh1+ 56. Kg1 Ng3 57. Kf2 Be5 58. b7 Bb8 59. Bxf3 exf3
60. Kxf3 Nf5 61. Bf4 Nd4+ 62. Kg4 Nc6 63. h5+ Kh7 64. Bxb8 Nxb8 65. Kg5 Na6 66.
Kf6 1/2-1/2

[Event "Chess Festival Groningen 2019 A"]
[Site "Groningen , Netherlands"]
[Date "2019.12.28"]
[Round "7"]
[White "Maatman, Nick"]
[Black "Balje, Jan"]
[Result "1/2-1/2"]
[WhiteElo "2400"]
[BlackElo "2179"]
[PlyCount "76"]
[EventDate "2019.12.??"]

1. e4 e5 2. Nf3 Nc6 3. Bc4 Nf6 4. d3 Be7 5. Nc3 O-O 6. a3 d6 7. h3 Kh8 8. Ng5
Qe8 9. Be3 h6 10. Nf3 Ng8 11. g4 Be6 12. Qd2 Na5 13. Ba2 Bxa2 14. Nxa2 Nc6 15.
O-O-O Qd7 16. Nc3 b5 17. g5 f5 18. gxf6 Bxf6 19. Nxb5 d5 20. Bc5 Rfb8 21. Nc3
d4 22. Nd5 a5 23. Nxf6 Nxf6 24. a4 Nb4 25. Bxb4 Rxb4 26. b3 Rxa4 27. Nxe5 Ra1+
28. Kb2 Rxd1 29. Rxd1 Qb5 30. Nc4 a4 31. Ra1 Nd7 32. Kc1 Nc5 33. bxa4 Nxa4 34.
Qf4 Qb4 35. Qd2 Qb7 36. Qf4 Qb4 37. Qd2 Qb7 38. Qf4 Qb4 1/2-1/2

[Event "Chess Festival Groningen 2019 A"]
[Site "Groningen , Netherlands"]
[Date "2019.12.28"]
[Round "7"]
[White "Nicolai, Amir"]
[Black "Lubbe, Melanie"]
[Result "1-0"]
[WhiteElo "2108"]
[BlackElo "2279"]
[PlyCount "129"]
[EventDate "2019.12.??"]

1. c4 d6 2. d4 e5 3. dxe5 dxe5 4. Qxd8+ Kxd8 5. f4 Be6 6. e4 exf4 7. Bxf4 Bb4+
8. Nd2 Nf6 9. O-O-O Nbd7 10. Re1 Ng4 11. Ngf3 f6 12. a3 Bd6 13. Nd4 Re8 14.
Bxd6 cxd6 15. Nb5 Nf2 16. Rg1 Nc5 17. Kc2 Kd7 18. Nc3 f5 19. b4 Ncxe4 20. Ncxe4
Nxe4 21. Nxe4 fxe4 22. Kc3 Bf5 23. g4 Bg6 24. Bg2 Re5 25. Kd4 Rae8 26. Re3 d5
27. c5 Bf7 28. Bf1 Kc7 29. b5 R5e6 30. a4 Rf6 31. Be2 a6 32. Rb1 axb5 33. axb5
Ra8 34. b6+ Kd8 35. Bb5 Ra2 36. c6 Kc8 37. Rc3 bxc6 38. Bxc6 Kb8 39. Kc5 Rff2
40. h3 Rf3 41. Rxf3 exf3 42. Rb3 f2 43. Rf3 Be8 44. Bxe8 Rc2+ 45. Kxd5 Kb7 46.
Kd4 Kxb6 47. Bf7 Kc6 48. Kd3 Rb2 49. Ke3 Rc2 50. Kf4 Kd6 51. Kg3 Ke7 52. Bg8 h5
53. Rxf2 Rc3+ 54. Kh4 g6 55. Rf7+ Ke8 56. Rf6 g5+ 57. Kxh5 Rxh3+ 58. Kxg5 Ke7
59. Rf7+ Ke8 60. Kg6 Ra3 61. g5 Ra5 62. Rf6 Rc5 63. Bf7+ Kf8 64. Re6 Re5 65.
Re8+ 1-0